| 000 | 00454cam a2200169ua 4500 | ||
|---|---|---|---|
| 020 |
_a81-85312-03-6 _cRs 300.00 |
||
| 041 |
_aeng _h |
||
| 082 |
_a697.93 _bKAU/SO |
||
| 100 | _aKaushik, S C. | ||
| 245 |
_aSolar refrigeration and space conditioning / _cS C Kaushik. _hTextual Documents |
||
| 260 |
_aJodhpur : _bDivyajyothi Prakashan , _c1989. |
||
| 300 | _a260 ; . | ||
| 365 | _aRs 300.00 | ||
| 504 | _a | ||
| 942 | _cBK | ||
| 999 |
_c381 _d381 |
||